| 000 | 00768 a2200217 4500 | ||
|---|---|---|---|
| 008 | 080821t xxu||||| |||| 00| 0 eng d | ||
| 010 | _aENG-85004 | ||
| 020 |
_a8170634563 _c125.00 |
||
| 035 | _aEN-68537 | ||
| 037 | _bD. B. Act / Pub | ||
| 082 | _a574 | ||
| 100 | _aGupta, Kalpana | ||
| 245 |
_aLaboratory skills biology _bclass XI _cby Kalpana Gupta and A. Jacob |
||
| 260 |
_aNew Delhi _bArya Book Depot _c2006 |
||
| 270 |
_a30, Naiwala, Karol Bagh _bNew Delhi _cDelhi _e110005 _k25746324 |
||
| 300 |
_a206 p. _bill _c27.5 cm. (Pbk) |
||
| 650 | _aBiology | ||
| 700 | _aJacob, A. | ||
| 942 |
_adpl _cEN _k574 / LAB _2ddc _h574 _mLAB |
||
| 999 |
_c879 _d879 |
||